000 00539nam a22001697a 4500
003 OSt
005 20260130152623.0
008 260130b |||||||| |||| 00| 0 eng d
040 _cMRSPTU
041 _aEnglish
100 _aKanwarjit Singh Gill, Supervisor: Bohar Singh
245 _aDeveloping Organization charts for Cost Planning and Cost Control
260 _bDepartment of Civil Engg. MRSPTU, Bathinda
_c2008
650 _aCivil Engineering
856 _uhttp://163.47.215.52:8080/jspui/handle/123456789/996
942 _2ddc
_cTH
_n0
999 _c10807
_d10807